000 00511cam a2200193ua 4500
001 7012
008 141119n ii |||gr||||Z||||||eng
020 _a9780198081739
040 _cMAIN
041 _aeng
082 _a320
100 _aPai, Sudha,
_eEditor.
245 1 _aHandbook of politics in Indian states :
_bRegions,parties and economic reforms /
_cEdited by Sudha Pai .
250 _a1st.
260 _aNewDelhi:
_bOxford,
_c2013.
300 _axix,443p.
653 _aIndian politics
942 _cBK
999 _c6152
_d6152